Aku mahu jadi bos

Bibliographic Details
Main Author: Khairur Rizal Ramli
Format: Book
Language:Malay
Published: Kuala Lumpur , PTS Professional Publishing , 2007
Subjects:

MARC

LEADER 00000cam a2200000 7i4500
001 0000019849
005 20090304.0
008 090303s my a may
020 |a 9789833586080 ,   |c RM23.00 
040 |a INS 
090 0 0 |a BF637.L4   |b K53 2007 
100 0 |a Khairur Rizal Ramli 
245 1 0 |a Aku mahu jadi bos   |c Khairur Rizal Ramli 
260 |a Kuala Lumpur ,   |c PTS Professional Publishing ,   |c 2007 
300 |a 242ms. :   |b il. ;   |c 23cm. 
500 |a Mengandungi indeks 
650 0 |a International relations 
650 0 |a Leadership 
650 0 |a Personnel management 
650 0 |a Supervisors 
999 |a 0000020573   |b BOOK   |c Open Shelf   |e Default branch